banner-ar

شرح الامام النووى على صحيح مسلم الجزء الثالث / (Record no. 35626)

MARC details
000 -الفاتح
حقل البيانات ثابتة الطول 00753nam a2200217Ia 4500
008 - عناصر البيانات ثابتة الطول - معلومات عامة
حقل البيانات ثابتة الطول 140319s9999 xx 000 0 ara d
040 ## - مصدر الفهرسة
وكالة الفهرسة الأصلية GCL /
وكالة النسخ GCL
082 04 - رقم تصنيف ديوى العشرى
رقم التصنيف م
رقم المادة 235.2
-- ن ش
100 1# - المدخل الرئيسى - إسم شخصى
الإسم الشخصى النووى، يحيى بن شرف بن مرى الدمشقى، 1233-1278 م
245 10 - بيان العنوان
العنوان شرح الامام النووى على صحيح مسلم الجزء الثالث /
بيان المسئوليه,etc النووى، يحيى بن شرف بن مرى الدمشقى، 1233-1278 م
300 ## - الوصف المادى
التعداد 458 ص
490 ## - بيان السلسلة
عنوان السلسلة
650 04 - المدخل الاضافى بالموضوع-مصطلح موضوعى
مصطلح موضوعي الحديث
650 04 - المدخل الاضافى بالموضوع-مصطلح موضوعى
مصطلح موضوعي علم رواية الحديث
650 04 - المدخل الاضافى بالموضوع-مصطلح موضوعى
مصطلح موضوعي صحيح مسلم
650 04 - المدخل الاضافى بالموضوع-مصطلح موضوعى
مصطلح موضوعي الاسناد الصحيح
650 04 - المدخل الاضافى بالموضوع-مصطلح موضوعى
مصطلح موضوعي كتب الصحيح
942 ## - عناصر المدخل الإضافي( كوها)
مصدر التصنيف او مخطط الترفيف Dewey Decimal Classification
Koha [default] item type كتاب
260 ## - PUBLICATION, DISTRIBUTION, ETC. (IMPRINT)
-- [S.N] :
-- لا يوجد
Holdings
حالة التراجع حالة الفقد حالة تلف ليس للاعارة المكان المؤقت الموقع الحالى تاريخ الاكتساب اجمالي اﻻعارات رقم الطلب الباركود تاريخ اخر مشاهدة تاريخ تفعيل السعر نوع وعاء كوها
        مكتبة القاهرة الكبرى مكتبة القاهرة الكبرى 03/26/2014   م\235.2\ن ش 86789 03/26/2014 03/26/2014 كتاب

Powered By

EGPV